000 00642nam a2200193 i 4500
001 58001
003 ES-MaACL
005 20251001202551.0
007 t|
008 031020s1969 sp ||||1| spa d
245 0 4 _aLos diez mandamientos
_b: narraciones ejemplares /
_cH. Böll...[et al.] ; presentación y selección de Jens Rehn ; traductora, Mª Pilar Lorenzo.
260 _aMadrid :
_bAlianza,
_c[1969]
300 _a227 p. ;
_c18 cm.
700 1 _aBöll, Heinrich,
_d1917-1985
_929974
700 1 _aRehn, Jens.
_995947
700 1 _aLorenzo, María Pilar.
_974159
852 _aES-MaACL
_jC-36504
_bR.69831
999 _c58001
_d58001